000 00876 a2200217 4500
001 56728
005 20260407155830.0
008 260407a1959 arg spa d
003 AR-UNSa-BCEJYS
040 _aAR-UNSa-BCEJYS
_bspa
_cAR-UNSa-BCEJYS
080 _a001(09)
_xHistoria de la Ciencia
245 1 0 _aHistoria y Filosofía de la Ciencia
264 1 _aBarcelona :
_bEdiciones Ariel
_c1959
300 _a399 p.
_c22 cm.
505 _a1. La ciencia primitiva – 2. Los atenienses – 3. Los alejandrinos – 4. La edad media – 5. La geometría celeste – 6. La mecánica celeste – 7. Cambios de perspectiva y de método – 8. Otros desarrollos de los siglos XVII y XVIII – 9. El siglo XIX y la evolución – 10. Epilogo
041 _aspa
942 _cBK
590 _aniveau_biblio:m niveau_hierar:0
100 1 _aHull, L.W.H.
700 1 _aSacristán, Manuel
999 _c6022
_d6022